[Event "Muensterland Regionalliga Gr1 2223"]
[Site "Germany"]
[Date "2023.02.25"]
[Round "7.4"]
[White "Langhans, Joerg"]
[Black "Zachej, Arne"]
[Result "1/2-1/2"]
[WhiteElo "1971"]
[BlackElo "1849"]
[PlyCount "26"]
[EventDate "2022.09.03"]
[EventType "team-tourn"]
[EventRounds "7"]
[EventCountry "GER"]
[SourceTitle "EXT 2024"]
[Source "ChessBase"]
[SourceDate "2023.10.10"]
[SourceVersion "1"]
[SourceVersionDate "2023.10.10"]
[SourceQuality "1"]
[WhiteTeam "Rheine Klein Berlin"]
[BlackTeam "Metelen"]
[WhiteTeamCountry "GER"]
[BlackTeamCountry "GER"]

1. e4 c5 2. Nc3 e6 3. f4 Nc6 4. Nf3 g6 5. g3 d5 6. d3 Bg7 7. Bg2 Nge7 8. 0-0 0-0 9. Bd2 a6 10. Rb1 b5 11. Ne2 f5 12. e5 Bb7 13. d4 c4 1/2-1/2

[Event "Muensterland Regionalliga playoff Gr2"]
[Site "Germany"]
[Date "2022.03.19"]
[Round "1.5"]
[White "Wissing, Philipp"]
[Black "Zachej, Arne"]
[Result "1-0"]
[WhiteElo "1863"]
[BlackElo "1863"]
[PlyCount "63"]
[EventDate "2022.03.19"]
[EventType "team-tourn"]
[EventRounds "5"]
[EventCountry "GER"]
[SourceTitle "EXT 2023"]
[Source "ChessBase"]
[SourceDate "2022.10.05"]
[SourceVersion "1"]
[SourceVersionDate "2022.10.05"]
[SourceQuality "1"]
[WhiteTeam "Emsdetten Rochade"]
[BlackTeam "Metelen"]
[WhiteTeamCountry "GER"]
[BlackTeamCountry "GER"]

1. e4 c5 2. Nf3 d6 3. Bb5+ Nc6 4. 0-0 g6 5. c3 a6 6. Ba4 b5 7. Bc2 Bg7 8. d4 cxd4 9. Nxd4 Bb7 10. Be3 Nf6 11. Nd2 0-0 12. f4 e5 13. Nxc6 Bxc6 14. f5 d5 15. fxg6 hxg6 16. exd5 Bxd5 17. a4 Qd7 18. Qe2 Ng4 19. Bc5 Rfc8 20. b4 f5 21. axb5 axb5 22. h3 Nf6 23. c4 bxc4 24. Nxc4 Qb5 25. Rxa8 Rxa8 26. Bxf5 Bxc4 27. Be6+ Kh7 28. Bxc4 Qe8 29. Qf2 g5 30. Qf5+ Qg6 31. Qxe5 Nd7 32. Qd5 1-0

[Event "Muensterland Regionalliga 1920"]
[Site "Germany"]
[Date "2019.11.30"]
[Round "4.5"]
[White "Zachej, Arne"]
[Black "Rebber, Christian"]
[Result "0-1"]
[WhiteElo "1854"]
[BlackElo "1833"]
[PlyCount "70"]
[EventDate "2019.09.07"]
[EventType "team-tourn"]
[EventRounds "7"]
[EventCountry "GER"]
[SourceTitle "EXT 2023"]
[Source "ChessBase"]
[SourceDate "2022.10.05"]
[SourceVersion "1"]
[SourceVersionDate "2022.10.05"]
[SourceQuality "1"]
[WhiteTeam "Metelen"]
[BlackTeam "Duelmen"]
[WhiteTeamCountry "GER"]
[BlackTeamCountry "GER"]

1. d4 Nf6 2. Bf4 e6 3. e3 d5 4. Bd3 b6 5. c3 Be7 6. Nf3 0-0 7. Ne5 Bb7 8. Qc2 h6 9. Nd2 Nbd7 10. 0-0-0 Nxe5 11. dxe5 Nd7 12. h4 f5 13. exf6 Bxf6 14. g4 e5 15. Bg3 e4 16. Be2 Be5 17. Bxe5 Nxe5 18. Nxe4 Qe7 19. Qb3 Kh8 20. Ng3 Rxf2 21. Rhf1 Nxg4 22. c4 Rxf1 23. Nxf1 dxc4 24. Bxc4 Qc5 25. Kb1 Be4+ 26. Ka1 Ne5 27. Rd4 Nxc4 28. Rxc4 Qe7 29. Qc3 c5 30. Ng3 Rf8 31. a4 Bd5 32. Rg4 Qd7 33. Rg6 Qxa4+ 34. Kb1 Qd1+ 35. Qc1 Ba2+ 0-1

[Event "Muensterland Verbandsliga 1819"]
[Site "Germany"]
[Date "2018.11.24"]
[Round "4.5"]
[White "Fasselt, Hendrik"]
[Black "Zachej, Arne"]
[Result "0-1"]
[WhiteElo "1826"]
[BlackElo "1834"]
[PlyCount "86"]
[EventDate "2018.09.01"]
[EventType "team-tourn"]
[EventRounds "9"]
[EventCountry "GER"]
[SourceTitle "EXT 2020"]
[Source "ChessBase"]
[SourceDate "2019.10.17"]
[SourceVersion "1"]
[SourceVersionDate "2019.10.17"]
[SourceQuality "1"]
[WhiteTeam "Raesfeld Erle II"]
[BlackTeam "Metelen"]
[WhiteTeamCountry "GER"]
[BlackTeamCountry "GER"]

1. b3 d5 2. Bb2 Bf5 3. e3 e6 4. Nf3 h6 5. Be2 Nf6 6. d3 Nbd7 7. Nbd2 Bd6 8. 0-0 0-0 9. c4 c6 10. e4 dxe4 11. dxe4 Bxe4 12. Nxe4 Nxe4 13. Qd4 Ndf6 14. Rad1 Bc5 15. Qe5 Qb6 16. Bd4 Bxd4 17. Rxd4 Nc3 18. Bd3 c5 19. Rf4 Nxa2 20. Rxf6 gxf6 21. Qxf6 Qd8 22. Qb2 Qxd3 23. Qxa2 Rfd8 24. h3 a6 25. Re1 Rd6 26. Qb2 Qf5 27. Re5 Rd1+ 28. Ne1 Qf6 29. Qe2 Rad8 30. Kh2 Qf4+ 31. g3 Qd2 32. Qg4+ Kf8 33. Re2 Qc1 34. Qh4 R8d4 35. g4 Rxe1 36. Rxe1 Qxe1 37. Qxh6+ Ke8 38. Qh8+ Kd7 39. Qf6 Ke8 40. Kg2 Qe4+ 41. Kg3 Rd3+ 42. f3 Qe1+ 43. Kf4 Rxf3+ 0-1

[Event "Muensterland Verbandsliga 1718"]
[Site "Germany"]
[Date "2018.05.05"]
[Round "9.5"]
[White "Raus, Michael"]
[Black "Zachej, Arne"]
[Result "1/2-1/2"]
[WhiteElo "1711"]
[BlackElo "1870"]
[PlyCount "40"]
[EventDate "2017.09.09"]
[EventType "team-tourn"]
[EventRounds "9"]
[EventCountry "GER"]
[SourceTitle "EXT 2019"]
[Source "ChessBase"]
[SourceDate "2018.10.10"]
[SourceVersion "1"]
[SourceVersionDate "2018.10.10"]
[SourceQuality "1"]
[WhiteTeam "Steinfurt"]
[BlackTeam "Metelen"]
[WhiteTeamCountry "GER"]
[BlackTeamCountry "GER"]

1. e4 c5 2. Nc3 e6 3. f4 Nc6 4. Nf3 Nge7 5. d3 d5 6. g3 g6 7. Bg2 Bg7 8. 0-0 0-0 9. Ne2 b5 10. c3 d4 11. cxd4 Nxd4 12. Nexd4 Bxd4+ 13. Nxd4 Qxd4+ 14. Kh1 Bb7 15. Qe2 Rac8 16. Be3 Qd6 17. Rac1 Rfd8 18. Rfd1 Rd7 19. Kg1 a5 20. Bf3 b4 1/2-1/2

[Event "Muensterland Verbandsklasse 1617"]
[Site "Germany"]
[Date "2016.11.12"]
[Round "3.4"]
[White "Brinkmann, Franz Josef"]
[Black "Zachej, Arne"]
[Result "0-1"]
[WhiteElo "1771"]
[BlackElo "1879"]
[PlyCount "64"]
[EventDate "2016.09.24"]
[EventType "team"]
[EventRounds "9"]
[EventCountry "GER"]
[SourceTitle "EXT 2018"]
[Source "ChessBase"]
[SourceDate "2017.10.13"]
[SourceVersion "1"]
[SourceVersionDate "2017.10.13"]
[SourceQuality "1"]
[WhiteTeam "Rheine Klein Berlin II"]
[BlackTeam "Metelen"]
[WhiteTeamCountry "GER"]
[BlackTeamCountry "GER"]

1. e4 c5 2. Nf3 d6 3. d4 cxd4 4. Nxd4 Nf6 5. Nc3 a6 6. Bc4 Qc7 7. Bb3 e6 8. 0-0 Be7 9. Be3 Nbd7 10. Bxe6 fxe6 11. Nxe6 Qc4 12. Nxg7+ Kf7 13. Nf5 Nc5 14. Nxd6+ Bxd6 15. Qxd6 Ncxe4 16. Nxe4 Qxe4 17. Rae1 Rg8 18. f3 Qxc2 19. Rf2 Qc6 20. Qd3 Qd5 21. Qa3 Be6 22. Qb4 Rac8 23. Rd2 Rc4 24. Qb6 Qxf3 25. Rf2 Qc6 26. Ref1 Rg6 27. Qd8 Bh3 28. Bg5 Rf4 29. Qd3 Rxg5 30. Qxh3 Qb6 31. Qc8 Rgf5 32. Qc2 Rxf2 0-1

[Event "Muensterland Verbandsklasse-A 1213"]
[Site "Germany"]
[Date "2013.02.16"]
[Round "6.2"]
[White "Zachej, Arne"]
[Black "Boesel, Alexander"]
[Result "1/2-1/2"]
[WhiteElo "1935"]
[BlackElo "1972"]
[PlyCount "54"]
[EventDate "2012.09.15"]
[EventType "team-tourn"]
[EventRounds "9"]
[EventCountry "GER"]
[SourceTitle "EXT 2015"]
[Source "ChessBase"]
[SourceDate "2014.11.20"]
[SourceVersion "1"]
[SourceVersionDate "2014.11.20"]
[SourceQuality "1"]
[WhiteTeam "Metelen"]
[BlackTeam "Olfen"]
[WhiteTeamCountry "GER"]
[BlackTeamCountry "GER"]

1. d4 d5 2. c4 e6 3. Nc3 Nf6 4. Bg5 Be7 5. cxd5 exd5 6. e3 c6 7. Qc2 Qa5 8. Bd3 Na6 9. Bxa6 Qxa6 10. h3 0-0 11. Nge2 Re8 12. 0-0 Bd7 13. Ng3 Rac8 14. Nf5 Bxf5 15. Qxf5 c5 16. Bxf6 Bxf6 17. Nxd5 cxd4 18. Nxf6+ Qxf6 19. Qxf6 gxf6 20. exd4 Re2 21. b3 Rcc2 22. a3 Kf8 23. Rac1 b5 24. a4 b4 25. Rxc2 Rxc2 26. Re1 Rd2 27. Re3 Rxd4 1/2-1/2

[Event "Muensterland Verbandsklasse-A 1112"]
[Site "Germany"]
[Date "2011.12.10"]
[Round "4.2"]
[White "Zachej, Arne"]
[Black "Storck, Martin"]
[Result "1/2-1/2"]
[WhiteElo "1926"]
[BlackElo "2059"]
[PlyCount "48"]
[EventDate "2011.09.17"]
[EventType "team-tourn"]
[EventRounds "9"]
[EventCountry "GER"]
[SourceTitle "EXT 2013"]
[Source "ChessBase"]
[SourceDate "2012.11.22"]
[SourceVersion "1"]
[SourceVersionDate "2012.11.22"]
[SourceQuality "1"]
[WhiteTeam "Metelen"]
[BlackTeam "Gronau"]
[WhiteTeamCountry "GER"]
[BlackTeamCountry "GER"]

1. d4 d5 2. c4 c6 3. cxd5 cxd5 4. Nc3 Nf6 5. Nf3 Nc6 6. Bf4 a6 7. e3 Bg4 8. Be2 e6 9. 0-0 Bd6 10. Ne5 Bxe2 11. Qxe2 Bxe5 12. Bxe5 Nxe5 13. dxe5 Nd7 14. f4 0-0 15. Rfd1 f6 16. exf6 Nxf6 17. g4 b5 18. g5 b4 19. gxf6 bxc3 20. fxg7 Rf7 21. bxc3 Qf6 22. Rac1 Rxg7+ 23. Kh1 Qf5 24. Qf3 Rb8 1/2-1/2

[Event "Muensterland Verbandsklasse-B 0910"]
[Site "Germany"]
[Date "2010.04.24"]
[Round "9.2"]
[White "Zachej, Arne"]
[Black "Te Sligte, Bert"]
[Result "1/2-1/2"]
[WhiteElo "1922"]
[BlackElo "1813"]
[PlyCount "25"]
[EventDate "2009.09.19"]
[EventType "team-tourn"]
[EventRounds "9"]
[EventCountry "GER"]
[SourceTitle "EXT 2011"]
[Source "ChessBase"]
[SourceDate "2010.11.26"]
[SourceVersion "1"]
[SourceVersionDate "2010.11.26"]
[SourceQuality "1"]
[WhiteTeam "Metelen"]
[BlackTeam "Stadtlohn"]
[WhiteTeamCountry "GER"]
[BlackTeamCountry "GER"]

1. d4 Nf6 2. c4 e6 3. Bg5 Be7 4. Nc3 d5 5. e3 0-0 6. cxd5 exd5 7. Bd3 c6 8. Qc2 h6 9. Bf4 Bd6 10. Nge2 Re8 11. h3 b6 12. g4 Bxf4 13. Nxf4 1/2-1/2

[Event "Muensterland Verbandsklasse-B 0910"]
[Site "Germany"]
[Date "2009.11.21"]
[Round "3.2"]
[White "Hofene, Dieter"]
[Black "Zachej, Arne"]
[Result "1/2-1/2"]
[WhiteElo "1893"]
[BlackElo "1922"]
[PlyCount "73"]
[EventDate "2009.09.19"]
[EventType "team-tourn"]
[EventRounds "9"]
[EventCountry "GER"]
[SourceTitle "EXT 2011"]
[Source "ChessBase"]
[SourceDate "2010.11.26"]
[SourceVersion "1"]
[SourceVersionDate "2010.11.26"]
[SourceQuality "1"]
[WhiteTeam "Beelen"]
[BlackTeam "Metelen"]
[WhiteTeamCountry "GER"]
[BlackTeamCountry "GER"]

1. e4 c5 2. Nc3 e6 3. f4 Nc6 4. Nf3 d5 5. Bb5 a6 6. Bxc6+ bxc6 7. 0-0 Ne7 8. b3 g6 9. Bb2 Bg7 10. Ne5 0-0 11. Qf3 c4 12. Kh1 cxb3 13. axb3 f5 14. exd5 Bxe5 15. fxe5 cxd5 16. Ne2 Qc7 17. Qc3 Qxc3 18. Bxc3 Nc6 19. Nd4 Bd7 20. Nxc6 Bxc6 21. Bd4 Rfb8 22. Rfb1 a5 23. Kg1 Kf7 24. Kf2 Rb4 25. c3 Rb7 26. Ra3 a4 27. Bc5 Rc8 28. d4 Ke8 29. Bb4 axb3 30. Rbxb3 Rcb8 31. Ra6 Kd7 32. Rba3 Rb6 33. Bd6 Rxa6 34. Rxa6 Rb2+ 35. Kg3 Bb7 36. Ra5 g5 37. h3 1/2-1/2

[Event "Muensterland Verbandsklasse-A 0809"]
[Site "Germany"]
[Date "2009.03.07"]
[Round "7.2"]
[White "Hoeing, Johannes"]
[Black "Zachej, Arne"]
[Result "1/2-1/2"]
[WhiteElo "1915"]
[BlackElo "1899"]
[PlyCount "71"]
[EventDate "2008.09.13"]
[EventType "team-tourn"]
[EventRounds "9"]
[EventCountry "GER"]
[SourceTitle "EXT 2010"]
[Source "ChessBase"]
[SourceDate "2010.11.25"]
[SourceVersion "1"]
[SourceVersionDate "2010.11.25"]
[SourceQuality "1"]
[WhiteTeam "Suedlohn II"]
[BlackTeam "Metelen"]
[WhiteTeamCountry "GER"]
[BlackTeamCountry "GER"]

1. Nf3 d5 2. c4 e6 3. e3 Nf6 4. b3 Be7 5. Bb2 0-0 6. Qc2 c5 7. d3 Nc6 8. a3 Nd7 9. Nc3 d4 10. exd4 Nxd4 11. Nxd4 cxd4 12. Ne4 f5 13. Nd2 Bf6 14. g3 b6 15. Bg2 Rb8 16. 0-0 Ne5 17. h3 g5 18. Rae1 h5 19. Bc1 g4 20. f3 Qc7 21. hxg4 hxg4 22. f4 Ng6 23. Rf2 Kg7 24. Nf1 Rh8 25. b4 e5 26. fxe5 Bxe5 27. Qd2 Bxg3 28. Nxg3 Qxg3 29. Qg5 Qh4 30. Re7+ Kf8 31. Rxa7 Qxg5 32. Bxg5 Rh5 33. Bf6 f4 34. Bd5 Rxd5 35. cxd5 g3 36. Re2 1/2-1/2

[Event "Muensterland Verbandsklasse-B 0708"]
[Site "Germany"]
[Date "2007.11.17"]
[Round "3.2"]
[White "Zachej, Arne"]
[Black "Hagemann, Elmar"]
[Result "1/2-1/2"]
[WhiteElo "1895"]
[BlackElo "2062"]
[PlyCount "130"]
[EventDate "2007.09.15"]
[EventType "team"]
[EventRounds "9"]
[EventCountry "GER"]
[SourceTitle "EXT 2009"]
[Source "ChessBase"]
[SourceDate "2008.11.26"]
[SourceVersion "1"]
[SourceVersionDate "2008.11.26"]
[SourceQuality "1"]
[WhiteTeam "Metelen"]
[BlackTeam "Sendenhorst"]
[WhiteTeamCountry "GER"]
[BlackTeamCountry "GER"]

1. d4 Nf6 2. c4 c5 3. d5 b5 4. cxb5 a6 5. Nc3 g6 6. e4 d6 7. Nf3 Bg7 8. Bd3 0-0 9. 0-0 axb5 10. Bxb5 Ba6 11. Re1 Bxb5 12. Nxb5 Qb6 13. Qb3 Nbd7 14. Bd2 Ng4 15. Re2 Rfb8 16. a4 Qa6 17. Ra3 Nb6 18. Qd1 Qb7 19. b3 Qd7 20. Be3 Bh6 21. Qa1 f6 22. h3 Ne5 23. Nxe5 fxe5 24. Bd2 Bxd2 25. Rxd2 Ra6 26. Qf1 Ra5 27. Nc3 Na8 28. Qd1 Nc7 29. Ra1 Qc8 30. Rb1 Ra7 31. Rdb2 Rb4 32. Qe2 Qa6 33. Qxa6 Rxa6 34. f3 Kf7 35. Kf2 c4 36. bxc4 Rxc4 37. Nb5 Raxa4 38. Nxc7 Rxc7 39. Rb7 Ra2+ 40. Kg3 Rcc2 41. Rg1 h6 42. h4 Re2 43. Rbb1 e6 44. dxe6+ Kxe6 45. Ra1 Rxg2+ 46. Rxg2 Rxa1 47. Kh2 Kf6 48. Rd2 Ke7 49. Kg3 h5 50. Kg2 Ke6 51. Kh2 Ra3 52. Kg2 Ra5 53. Rb2 Ra4 54. Kg3 Rd4 55. Rb6 Rd2 56. Ra6 Kf6 57. Ra8 d5 58. Ra6+ Kf7 59. Ra7+ Kf8 60. Ra8+ Kg7 61. Ra7+ Kh6 62. Re7 dxe4 63. fxe4 Rd3+ 64. Kg2 Rd2+ 65. Kg3 Rd3+ 1/2-1/2

[Event "Muensterland Verbandsklasse-B 0506"]
[Site "Germany"]
[Date "2006.01.21"]
[Round "5.2"]
[White "Stegemann, Norbert"]
[Black "Zachej, Arne"]
[Result "1-0"]
[WhiteElo "1959"]
[BlackElo "1806"]
[PlyCount "83"]
[EventDate "2005.09.03"]
[EventType "team"]
[EventRounds "9"]
[EventCountry "GER"]
[SourceTitle "EXT 2006"]
[Source "ChessBase"]
[SourceDate "2005.11.24"]
[SourceVersion "1"]
[SourceVersionDate "2005.11.24"]
[SourceQuality "1"]
[WhiteTeam "Duelmen"]
[BlackTeam "Metelen"]
[WhiteTeamCountry "GER"]
[BlackTeamCountry "GER"]

1. c4 Nf6 2. g3 e6 3. Bg2 d5 4. d4 Be7 5. Nf3 0-0 6. 0-0 Nbd7 7. cxd5 exd5 8. Nc3 c6 9. Bf4 Nh5 10. Bd2 Re8 11. a3 Bd6 12. b4 b5 13. e4 dxe4 14. Ng5 Nhf6 15. Ngxe4 Bf8 16. Re1 Nd5 17. Nxd5 cxd5 18. Nc3 Rxe1+ 19. Qxe1 Nb6 20. Nxb5 Be6 21. Bf4 Bd7 22. Nc7 Rc8 23. Nxd5 Bc6 24. Nxb6 axb6 25. d5 Bb7 26. Rc1 Rxc1 27. Qxc1 Bd6 28. Bxd6 Qxd6 29. Qf4 Qxf4 30. gxf4 Kf8 31. Kf1 Ke7 32. Ke2 Kd6 33. Kd3 Bxd5 34. Bxd5 Kxd5 35. a4 h6 36. a5 bxa5 37. bxa5 Kc5 38. Ke4 Kb5 39. Kd5 Kxa5 40. Kd6 Kb6 41. f5 g5 42. f6 1-0

[Event "Muensterland Verbandsklasse-B 0506"]
[Site "Germany"]
[Date "2005.11.05"]
[Round "2.2"]
[White "Zachej, Arne"]
[Black "Melchers, Damian"]
[Result "1/2-1/2"]
[WhiteElo "1806"]
[BlackElo "1877"]
[PlyCount "31"]
[EventDate "2005.09.03"]
[EventType "team"]
[EventRounds "9"]
[EventCountry "GER"]
[SourceTitle "EXT 2006"]
[Source "ChessBase"]
[SourceDate "2005.11.24"]
[SourceVersion "1"]
[SourceVersionDate "2005.11.24"]
[SourceQuality "1"]
[WhiteTeam "Metelen"]
[BlackTeam "Muenster III"]
[WhiteTeamCountry "GER"]
[BlackTeamCountry "GER"]

1. d4 Nf6 2. Nf3 c5 3. c3 cxd4 4. cxd4 d5 5. Nc3 Nc6 6. Bf4 Bf5 7. Nh4 Bg6 8. e3 e6 9. Nxg6 hxg6 10. Bd3 Bd6 11. Bxd6 Qxd6 12. Qb3 0-0 13. 0-0 Ng4 14. g3 Rac8 15. Rac1 Qc7 16. Na4 1/2-1/2

[Event "Muensterland-ch"]
[Site "Metelen"]
[Date "2004.04.10"]
[Round "4"]
[White "Zachej, Arne"]
[Black "Lerke, Bernd"]
[Result "0-1"]
[WhiteElo "1787"]
[BlackElo "2035"]
[PlyCount "54"]
[EventDate "2004.04.??"]
[EventType "tourn"]
[EventRounds "7"]
[EventCountry "GER"]
[SourceTitle "EXT 2005"]
[Source "ChessBase"]
[SourceDate "2004.11.15"]
[SourceVersion "1"]
[SourceVersionDate "2004.11.15"]
[SourceQuality "1"]

1. d4 c5 2. c3 e6 3. Nf3 Nf6 4. Bf4 b6 5. Nbd2 Bb7 6. g3 Be7 7. Bg2 0-0 8. 0-0 Nd5 9. e4 Nxf4 10. gxf4 Qc7 11. e5 d6 12. Re1 Nc6 13. Re3 cxd4 14. cxd4 Nb4 15. Rc3 Qd7 16. Ng5 Bxg2 17. Kxg2 Nd5 18. Rf3 dxe5 19. dxe5 Nxf4+ 20. Rxf4 Bxg5 21. Qg4 Bxf4 22. Qxf4 Qd5+ 23. Kh3 Qd3+ 24. Kg2 Qf5 25. Qe3 Rad8 26. Ne4 Qxe5 27. Rg1 f5 0-1